000
00250nam a2200109Ia 4500
008
190912s9999||||xx |||||||||||||| ||und||
100
_a
Sengupta S.
245
0
_a
Commercial Laws
260
_a
Culcutta
_b
New central
_c
1994
300
_a
171
942
_c
BK
999
_c
7163
_d
7163